Felicitación por el año nuevo. Hernando de Herrera, Lope de Vega, el padre... Luis G. Urbina

Detalles Bibliográficos
Autor principal: Rivera y Sanromán, Agustín, 1824-1916
Otros Autores: Herrera, Hernando de, Vega Carpio, Lope Félix de, 1562-1635, Mir, Miguel, 1841-1912, Urbina, Luis Gonzaga, 1868-1934
Formato: Libro
Lenguaje:Spanish
Publicado: Lagos de Moreno : imprenta López Arce.- Paseo, 37, 19--
Materias:
Colección:Banco de datos
Acervo:Universidad Autónoma Benito Juárez de Oaxaca. Biblioteca Francisco de Burgoa. Colección histórica
Descripción Física:8 p. ; 22 cm.
Tema general:Literatura mexicana
Notas:Falta portada. Datos tomados del incipit opus y del colofón. Colofón: Imprenta Lopez Arce.- Paseo, 37.- Lagos de Moreno. Falta encuadernación
LEADER 01016nam a22002170004500
035 |a 3521 
041 0 |a spa 
100 1 |a Rivera y Sanromán, Agustín, 1824-1916 
245 1 0 |a Felicitación por el año nuevo. Hernando de Herrera, Lope de Vega, el padre... Luis G. Urbina  
260 |a Lagos de Moreno : imprenta López Arce.- Paseo, 37, 19--  
300 |a 8 p. ; 22 cm.  
500 |a Falta portada. Datos tomados del incipit opus y del colofón. Colofón: Imprenta Lopez Arce.- Paseo, 37.- Lagos de Moreno. Falta encuadernación 
650 1 0 |a Literatura mexicana 
700 1 |a Herrera, Hernando de 
700 1 |a Vega Carpio, Lope Félix de, 1562-1635 
700 1 |a Mir, Miguel, 1841-1912 
700 1 |a Urbina, Luis Gonzaga, 1868-1934 
852 |a Universidad Autónoma "Benito Juárez" de Oaxaca, Biblioteca Francisco de Burgoa, Colección histórica 19746 
942 |c BURHIS 
943 |g Universidad Autónoma Benito Juárez de Oaxaca. Biblioteca Francisco de Burgoa. Colección histórica 
999 |c 1122364  |d 1122364